LDR 00948nam a2200229 4500 001 000000367223 003 CaOOAMICUS 005 20260414161459.0 008 260414s1984 it 000 u ita r 040 $aSeMil$bita 100 1 $aScalfi, Romano,$c
.$0(OLS)http://semarc/name/89208 245 13$aLa libertà in Vasilij Grossman /$cRomano Scalfi. 264 1$a[s.l.] :$bAssociazione Russia Cristiana,$c1984. 300 $a10 p. ;$c21 cm 500 $aEstratto da: Il personalismo nella cultura del samizdat, Centro Studi Russia Cristiana, 1984 (inedito) 850 $aSeMil 852 $aSeMil$W1$xVenegono$y1$m5D VIII 1/5$j270204$B257946$CSeMilBibl$Z2$F257946 $81 941 1 $a7 961 $aOmaggio mons. Mario Delpini 996 $6245$aLa libertà in Vasilij Grossman$9(OLS)http://semarc/title/459115 996 $6264$a[s.l.] :$bAssociazione Russia Cristiana$9(OLS)http://semarc/publisher/62995